000 00675nam a22002177a 4500
003 UA-OsUOA
001 130008
007 ta
008 20180402b un ||||| |||| 00| 0 ukr d
100 _aВертій О.
090 _a82
_bВ35
942 _cSA
040 _aUA-OsUOA
_bukr
_cUA-OsUOA
_dUA-OsUOA
245 _aЗ'ясування народних джерел творчості Лесі Українки
300 _aС.19-24
955 _a0
041 _aukr
080 _a82
773 0 _w130006
_tУкраїнська мова і література в школі
_dК.
_d2018
_g1
650 7 _a82 Література. Літературознавство
_2UDC
999 _c417936
_d417936